| 000 | 00713nab a2200229 a 4500 | ||
|---|---|---|---|
| 005 | 20210219162102.0 | ||
| 008 | 991125s1985 mx 000 0 spa u | ||
| 035 | _aUPN01000197569 | ||
| 049 | _aART | ||
| 100 | 1 | _aAlvarez Alvarez, Carmen | |
| 100 | 1 | _ucarmen.alvarez@unican.es | |
| 222 | _aREVISTA DE CIENCIAS DE LA EDUCACION | ||
| 245 | _aBases teóricas para el estudio de las relaciones entre la teoría y la práctica en la formación del profesorado | ||
| 260 | _aMadrid, España | ||
| 300 | _a283-314 | ||
| 362 | 0 | _a2013 No. 235, jul.-sept. | |
| 653 | 0 | _aFORMACION DOCENTE | |
| 653 | 0 | _aINVESTIGACION-ACCION | |
| 653 | 0 | _aPRACTICA DOCENTE | |
| 653 | 0 | _aTEORIA EDUCATIVA | |
| 905 | _aArticulo | ||
| 999 |
_c169670 _d169670 |
||